000 00919cam a2200265 i 4500
001 blockbuster00barl
003 CaSfIA
005 20230525154626.0
007 cr||||
008 760716s1977 nyub 00011 eng
010 _a 76026909 //r93
020 _a0688031277
040 _aDLC
_cDLC
_dDLC
_dOCoLC
_dCaSfIA
050 0 0 _aPZ4.B2567
_bBl 1977
_aPR6052.A654
082 0 0 _a823/.9/14
100 1 0 _aBarlay, Stephen.
245 1 0 _aBlockbuster /
_h[electronic resource]
_cStephen Barlay.
260 0 _aNew York :
_bMorrow,
_c1977.
300 _a336 p. :
_bmap ;
_c22 cm.
650 0 _aExtortion
_xFiction.
655 7 _aAdventure stories.
_2gsafd
655 7 _aDetective and mystery stories.
_2gsafd
856 4 1 _uhttp://www.archive.org/details/blockbuster00barl
_zFree eBook from the Internet Archive
856 4 2 _uhttp://www.openlibrary.org/books/OL4893832M
_zAdditional information and access via Open Library
999 _c16254
_d16254